ბათუმის შოთა რუსთაველის სახელმწიფო უნივერსიტეტის ბიბლიოთეკა

ზოგადი ოკეანოლოგია : [სახელმძღვ.].ნაწ. 1 (ბიბ.ჩანაწერი № 50639)

000 -LEADER
fixed length control field 01384nam a2200253Ia 4500
001 - CONTROL NUMBER
control field 17589
003 - CONTROL NUMBER IDENTIFIER
control field GE_BSU
008 - FIXED-LENGTH DATA ELEMENTS--GENERAL INFORMATION
fixed length control field 181216s||||||||xx |||||||||||||| ||und||
040 ## - CATALOGING SOURCE
Transcribing agency GE_BSU
080 ## - UNIVERSAL DECIMAL CLASSIFICATION NUMBER
Universal Decimal Classification number 551.46(075.8)
100 ## - MAIN ENTRY--PERSONAL NAME
Personal name კერესელიძე დავით, კახაბერ ბილაშვილი, ვაჟა ტრაპაიძე, გიორგი ბრეგვაძე
245 ## - TITLE STATEMENT
Title ზოგადი ოკეანოლოგია : [სახელმძღვ.].ნაწ. 1
245 ## - TITLE STATEMENT
Remainder of title (ზღვებისა და ოკეანეების ჰიდროლოგია).
245 ## - TITLE STATEMENT
Statement of responsibility, etc. რედ. ზურაბ სეფერთელაძე
250 ## - EDITION STATEMENT
Edition statement ივ. ჯავახიშვილის სახ. თსუ
260 ## - PUBLICATION, DISTRIBUTION, ETC.
Place of publication, distribution, etc. თბილისი
260 ## - PUBLICATION, DISTRIBUTION, ETC.
Name of publisher, distributor, etc. თბილ. უნ-ტის გამ-ბა
260 ## - PUBLICATION, DISTRIBUTION, ETC.
Date of publication, distribution, etc. 2013
300 ## - PHYSICAL DESCRIPTION
Extent 212 გვ; სურ; ცხრ.
300 ## - PHYSICAL DESCRIPTION
Other physical details ბიბლიოგრ.: გვ. 206-210.
653 ## - INDEX TERM--UNCONTROLLED
Uncontrolled term გეოგრაფია
653 ## - INDEX TERM--UNCONTROLLED
Uncontrolled term ოკეანოლოგია - სახელმძღვანელოები უმაღლესი სასწავლებლებისათვის; ზღვების ჰიდროლოგია; ოკეანეების ჰიდროლოგია;
942 ## - ADDED ENTRY ELEMENTS (KOHA)
Koha item type წიგნი
ეგზემპლარები
Withdrawn status Lost status Damaged status Not for loan Date acquired Barcode Date last seen Price effective from Koha item type
        2018-12-17 45607 2018-12-17 2018-12-17 წიგნი